Why some companies emerge strong and better from a crisis : 7 essentials lessons for surviving disaster (Record no. 184925)

MARC details
000 -LEADER
fixed length control field 00540nam a2200157Ia 4500
005 - DATE AND TIME OF LATEST TRANSACTION
control field 20250320095754.0
008 - FIXED-LENGTH DATA ELEMENTS--GENERAL INFORMATION
fixed length control field 231217s9999 xx 000 0 und d
020 ## - INTERNATIONAL STANDARD BOOK NUMBER
International Standard Book Number 9788120337428
082 ## - DEWEY DECIMAL CLASSIFICATION NUMBER
Classification number 658.477 MIT;1 R
100 ## - MAIN ENTRY--PERSONAL NAME
Personal name Mitroff, Ian I.
245 #0 - TITLE STATEMENT
Title Why some companies emerge strong and better from a crisis : 7 essentials lessons for surviving disaster
260 ## - PUBLICATION, DISTRIBUTION, ETC. (IMPRINT)
Date of publication, distribution, etc. 2009
Name of publisher, distributor, etc. PHI
Place of publication, distribution, etc. New Delhi
300 ## - PHYSICAL DESCRIPTION
Extent xvi, 238
650 ## - SUBJECT ADDED ENTRY--TOPICAL TERM
Topical term or geographic name as entry element Why,some,companies,emerge,storage,better,crisis,7,essentials,lessons,surviving,disaster
942 ## - ADDED ENTRY ELEMENTS (KOHA)
Koha item type Books
Holdings
Date last seen Total Checkouts Full call number Accession number Old discount Uniform Resource Identifier Cost, replacement price Price effective from Category Lost status Damaged status Department Withdrawn status bill no. bill date Permanent Location Current Location Shelving location Entry date Vendor Cost, normal purchase price Grants Currency symbol Conversion rate Discount Discount type
26/01/2024   658.477 MIT;1 R 57759 20 digital/contents/57759.pdf 200.00 26/01/2024 Books     F-Block Annex   0910/1418 29/10/2013 Central Library Central Library F-Block Library Annex 01/01/2010 Surya Infotainment Products Pvt. Ltd. 250.00 MBA RS 1 50 Rupees

© For any Suggestions or Query, please contact the library staff @ librarian@pes.edu or Phone: +9180 2672 1983/ 2108.